000 00780nam a2200205Ii 4500
003 JO-AjNU
008 230605s9999||||xx |||||||||||||| ||und||
040 _aJO-AjNU
_bara
_erda
_cJO-AjNU
041 _aara
050 1 4 _aPN 1998 .A3 C26 2005
100 3 _aكابرا، فرانك؛ ترجمة عبد الإله الملاح,
_eauthor
_911132
245 0 0 _aالاسم فوق العنوان: سيرة ذاتية
250 _aط1
264 3 1 _aبيروت: الانتشار العربي، 2005
300 _a901ص
336 _atext
_btxt
_2rdacontent
337 _aunmediated
_bn
_2rdamedia
338 _avolume
_bnc
_2rdacarrier
650 4 _aالمخرجون السينمائيون - الولايات المتحدة الأمريكية - تراجم - فرانك كابرا
_911133
999 _aA2165
_c5733
_d5733